00724nam a2200181 a 4500003000200000005001700002008004100019050003500060100002100095245010300116260009300219300004100312504004100353650004300394650004100437650003800478650002600516020250304083656.0111114s19uu xx 00 eng d aPGS BF 637.I48.E38b.M999 2011 aMyung, Jun Hyuk. aEating habits and level of interpersonal relationship of SISC grade 6 students /cJun Hyuk Myung. aLas Piñas City, Philippines : bSouthville International School and Colleges, c2011. a27 pages :billustrations ; c28 cm. aIncludes bibliographical references. aEating habitsvPsychological aspects.  aInterpersonal relations in children. aFood preferencesvSocial aspects. aDietvSocial aspects.